Democratic presidents Sudden Death - Statistics

General Stats
  • This quiz has been taken 38 times
  • The average score is 8 of 11
Answers on the Grid
Answers color-coded by a green-red scale on the quiz's grid according to % correct below.
Donald Trump
Joe Biden
Obama
George W Bush
BIll Clinton
George H W Bush
Ronald Regan
Jimmy Carter
Gerald Ford
Richard Nixon
Lyndon B Johnson
John F Kennedy
Dwight D Eisenhower
Harry S Truman
Franklin D Rosevelt
Hebert Hoover
Calvin Coolidge
Warren G Harding
Woodrow Wilson
William Howard Toft
Theodore Rosevelt
William Mckinley
Benjamin Harrison
Grover Cleveland
Chester A Arthur
James A Garfield
Rutherford B Hayes
Ulysses S Grant
Andrew Johnson
Abraham Lincoln
 
Answer Stats
Answer % Correct
Joe Biden
100%
Obama
100%
BIll Clinton
91%
John F Kennedy
85%
Jimmy Carter
82%
Franklin D Rosevelt
79%
Harry S Truman
76%
Lyndon B Johnson
76%
Woodrow Wilson
56%
Andrew Johnson
53%
Grover Cleveland
44%
No matching quizzes found
Score Distribution
Percent of People with Each Score
Percentile by Number Answered
Your Score History
You have not taken this quiz